Meranie výkonnosti systémov manažérstva kvality

Meranie výkonnosti systému. Model výkonnosti systému manažmentu kvality.Monitorovanie a meranie spokojnosti zákazníkov. Meranie spokojnosti zákazníka v stavebníctve.

Gespeichert in:
Bibliographische Detailangaben
1. Verfasser: Gejdoš, Pavol
Format: Buchkapitel
Sprache:Slowakisch
Schlagworte:
Tags: Tag hinzufügen
Keine Tags, Fügen Sie das erste Tag hinzu!

MARC

LEADER 00000nla$a2200000$$$4500
001 0051805
005 20231106103940.9
041 0 |a slo 
044 |a SK 
245 1 0 |a Meranie výkonnosti systémov manažérstva kvality  |c Pavol Gejdoš 
520 |a Meranie výkonnosti systému. Model výkonnosti systému manažmentu kvality.Monitorovanie a meranie spokojnosti zákazníkov. Meranie spokojnosti zákazníka v stavebníctve. 
610 2 0 |a spokojnosť zákazníkov 
610 2 0 |a stavebníctvo 
610 2 0 |a meranie produktivity 
610 2 0 |a riadenie kvality 
610 2 0 |a výkony podnikové 
100 1 |a Gejdoš, Pavol